Friends la série - Statistiques

Statistiques générales
  • Ce quiz a été pris 3 687 fois
  • Le résultat moyen est 8 sur 15
Statistiques - réponses
Hint Réponse % Correct
Combien y a t’il de saisons ? 10
99%
Qui est le premier personnage à parler dans la serie ? Monica
92%
À quel personnage Rachel ne dit pas au revoir avant de partir à Paris ? Ross
89%
En quelle année la série a débuté ? 1994
87%
Ou Chandler et Monica commencent à sortir ensemble ? Londres
87%
Comment s’appelle le père de Ross et Monica ? Jack
58%
Qui est l’agent de Joey ? Estelle
52%
Durant quelle saison Rachel découvre sa grossesse ? Saison 8
46%
Comment s’appelle la série dans laquelle joue Joey ? Les jours de notre vie
45%
Qui interprète le rôle de Will ? Brad Pitt
43%
Combien de frere a Rachel ? Aucun
34%
Selon Phoebe , qui est le père de ce bebe ? Tag
34%
Avec quelle sœur de Joey Chandler sort-il dans la saison 2 ? Mary angela
26%
Comment s’appelle le patron du Central Perk ? Terry
9%
Avec qui janice finit elle mariée à la fin de la série ? Sid
4%
Aucun quiz correspondant
Distribution des résultats
% des personnes avec chaque résultat
Percentile par nombre de réponses
Votre historique - résultats
Vous n’avez pas pris ce quiz